[Event "Hastings Masters"]
[Site "Horntye, Hastings"]
[Date "2017.12.31"]
[Round "4.28"]
[White "Norinkeviciute, Rasa"]
[Black "Hand, Freddie"]
[Result "1-0"]
[BlackElo "2139"]
[WhiteElo "1993"]
[LiveChessVersion "1.4.8"]

1. c4 {[%clk 1:40:53]} c6 {[%clk 1:40:54]} 2. Nf3 {[%clk 1:40:46]} d5
{[%clk 1:41:20]} 3. e3 {[%clk 1:41:04]} Nf6 {[%clk 1:41:46]} 4. Nc3
{[%clk 1:40:15]} Bf5 {[%clk 1:39:57]} 5. Qb3 {[%clk 1:35:50]} Bc8
{[%clk 1:32:05]} 6. Qc2 {[%clk 1:29:29]} e6 {[%clk 1:32:24]} 7. b3
{[%clk 1:29:27]} Bd6 {[%clk 1:32:34]} 8. Bb2 {[%clk 1:29:35]} O-O
{[%clk 1:32:52]} 9. Be2 {[%clk 1:23:55]} Nbd7 {[%clk 1:32:52]} 10. Rg1
{[%clk 1:14:01]} Qe7 {[%clk 1:22:46]} 11. g4 {[%clk 1:09:07]} Rd8
{[%clk 1:21:15]} 12. g5 {[%clk 1:09:09]} Ne8 {[%clk 1:21:41]} 13. h4
{[%clk 1:09:31]} Ba3 {[%clk 1:20:09]} 14. h5 {[%clk 0:57:37]} Bxb2
{[%clk 1:20:35]} 15. Qxb2 {[%clk 0:57:58]} b6 {[%clk 1:17:22]} 16. h6
{[%clk 0:53:21]} g6 {[%clk 1:16:41]} 17. Nd4 {[%clk 0:41:33]} Bb7
{[%clk 1:15:56]} 18. f4 {[%clk 0:30:05]} a6 {[%clk 0:49:42]} 19. Nf3
{[%clk 0:21:31]} b5 {[%clk 0:46:14]} 20. Nd1 {[%clk 0:16:25]} bxc4
{[%clk 0:35:34]} 21. bxc4 {[%clk 0:16:48]} Rdb8 {[%clk 0:35:04]} 22. Qc3
{[%clk 0:14:01]} a5 {[%clk 0:31:27]} 23. Rb1 {[%clk 0:12:42]} a4 {[%clk 0:22:30]}
24. Nf2 {[%clk 0:10:27]} Bc8 {[%clk 0:20:23]} 25. Rxb8 {[%clk 0:10:42]} Rxb8
{[%clk 0:20:51]} 26. Nd3 {[%clk 0:10:49]} Nc5 {[%clk 0:16:22]} 27. Nxc5
{[%clk 0:05:54]} Qxc5 {[%clk 0:16:48]} 28. Kf2 {[%clk 0:06:09]} Ba6
{[%clk 0:11:14]} 29. Rc1 {[%clk 0:04:04]} Qb4 {[%clk 0:03:29]} 30. Qe5
{[%clk 0:03:16]} Qb2 {[%clk 0:02:53]} 31. Rc2 {[%clk 0:02:21]} Qxe5
{[%clk 0:02:10]} 32. Nxe5 {[%clk 0:02:45]} a3 {[%clk 0:00:38]} 33. Rc3
{[%clk 0:02:09]} Nd6 {[%clk 0:00:41]} 34. Rxa3 {[%clk 0:01:26]} Bxc4
{[%clk 0:00:37]} 35. Bxc4 {[%clk 0:00:46]} Nxc4 {[%clk 0:00:51]} 36. Nxc4
{[%clk 0:00:59]} dxc4 {[%clk 0:01:18]} 37. Ke2 {[%clk 0:01:15]} e5
{[%clk 0:00:54]} 38. Ra7 {[%clk 0:01:01]} exf4 {[%clk 0:01:10]} 39. exf4
{[%clk 0:01:27]} Kf8 {[%clk 0:00:51]} 40. a4 {[%clk 0:01:25]} Rb2
{[%clk 0:00:58]} 41. Ke3 {[%clk 0:01:17]} Rb3+ {[%clk 0:00:49]} 42. Kd4
{[%clk 0:45:06]} Rd3+ {[%clk 0:51:09]} 43. Kxc4 {[%clk 0:45:30]} Rxd2
{[%clk 0:51:36]} 44. a5 {[%clk 0:45:00]} Rf2 {[%clk 0:51:06]} 45. a6
{[%clk 0:43:46]} Rxf4+ {[%clk 0:51:32]} 46. Kc5 {[%clk 0:43:59]} Rf5+
{[%clk 0:51:23]} 47. Kxc6 {[%clk 0:38:22]} Rf1 {[%clk 0:49:16]} 48. Rb7
{[%clk 0:36:17]} Rc1+ {[%clk 0:48:53]} 49. Kd6 {[%clk 0:36:07]} Rd1+
{[%clk 0:49:13]} 50. Ke5 {[%clk 0:35:11]} f6+ {[%clk 0:48:47]} 51. gxf6
{[%clk 0:34:09]} 1-0

[Event "Hastings Masters"]
[Site "Horntye, Hastings"]
[Date "2017.12.31"]
[Round "4.29"]
[White "Fowler, David"]
[Black "Woong, Zhi Wei William"]
[Result "1-0"]
[BlackElo "2137"]
[WhiteElo "1904"]
[LiveChessVersion "1.4.8"]

1. d4 {[%clk 1:40:57]} d5 {[%clk 1:40:55]} 2. c4 {[%clk 1:41:21]} e6
{[%clk 1:41:20]} 3. Nc3 {[%clk 1:41:46]} Be7 {[%clk 1:41:40]} 4. cxd5
{[%clk 1:42:06]} exd5 {[%clk 1:42:06]} 5. Nf3 {[%clk 1:42:28]} c6
{[%clk 1:42:05]} 6. Qc2 {[%clk 1:42:44]} g6 {[%clk 1:41:00]} 7. e4
{[%clk 1:42:57]} dxe4 {[%clk 1:40:59]} 8. Nxe4 {[%clk 1:43:21]} Nf6
{[%clk 1:38:45]} 9. Nxf6+ {[%clk 1:41:33]} Bxf6 {[%clk 1:39:11]} 10. Bh6
{[%clk 1:41:31]} Qa5+ {[%clk 1:25:22]} 11. Bd2 {[%clk 1:36:53]} Qd8
{[%clk 1:20:39]} 12. Bh6 {[%clk 1:34:46]} Qe7+ {[%clk 1:16:13]} 13. Be2
{[%clk 1:33:23]} Bf5 {[%clk 1:08:51]} 14. Qb3 {[%clk 1:26:48]} Be6
{[%clk 1:06:45]} 15. Qc3 {[%clk 1:21:25]} Nd7 {[%clk 0:56:42]} 16. O-O
{[%clk 1:19:41]} Nb6 {[%clk 0:55:33]} 17. a3 {[%clk 1:05:19]} O-O-O
{[%clk 0:46:42]} 18. Qa5 {[%clk 0:58:28]} Kb8 {[%clk 0:44:40]} 19. Bf4+
{[%clk 0:56:44]} Ka8 {[%clk 0:45:05]} 20. Rfe1 {[%clk 0:51:08]} Rd5
{[%clk 0:34:28]} 21. Qb4 {[%clk 0:47:19]} Qd8 {[%clk 0:25:32]} 22. Rad1
{[%clk 0:42:42]} g5 {[%clk 0:22:11]} 23. Be3 {[%clk 0:37:31]} g4 {[%clk 0:13:46]}
24. Ne5 {[%clk 0:37:21]} h5 {[%clk 0:13:03]} 25. a4 {[%clk 0:32:31]} Be7
{[%clk 0:04:08]} 26. Qc3 {[%clk 0:31:06]} Qf8 {[%clk 0:01:33]} 27. Nxc6
{[%clk 0:24:26]} Nxa4 {[%clk 0:00:36]} 28. Qc2 {[%clk 0:23:33]} Bd7
{[%clk 0:00:38]} 29. Nxe7 {[%clk 0:21:14]} Qxe7 {[%clk 0:01:03]} 30. Ra1
{[%clk 0:20:20]} Qb4 {[%clk 0:00:53]} 31. b3 {[%clk 0:19:55]} Nb6
{[%clk 0:00:47]} 32. Qa2 {[%clk 0:19:24]} Nc8 {[%clk 0:00:48]} 33. Bc4
{[%clk 0:19:15]} Be6 {[%clk 0:00:36]} 34. Rec1 {[%clk 0:18:15]} Qb6
{[%clk 0:00:43]} 35. Qa3 {[%clk 0:17:00]} Nd6 {[%clk 0:00:42]} 36. Ra2
{[%clk 0:14:24]} Rc8 {[%clk 0:00:36]} 37. Bxd5 {[%clk 0:10:19]} Rxc1+
{[%clk 0:00:44]} 38. Qxc1 {[%clk 0:09:47]} Bxd5 {[%clk 0:01:10]} 39. Qc5
{[%clk 0:09:20]} Qxc5 {[%clk 0:00:40]} 40. dxc5 {[%clk 0:09:44]} Nb5
{[%clk 0:00:33]} 41. Rd2 {[%clk 0:09:36]} Nc7 {[%clk 0:49:26]} 42. Bf4
{[%clk 0:59:11]} 1-0

[Event "Hastings Masters"]
[Site "Horntye, Hastings"]
[Date "2017.12.31"]
[Round "4.30"]
[White "White, Stuart A"]
[Black "Wilson, Matthew R"]
[Result "1-0"]
[WhiteElo "2112"]
[BlackElo "1782"]
[PlyCount "95"]
[EventDate "2017.??.??"]
[WhiteClock "0:50:45"]
[BlackClock "0:42:55"]

1. e4 c5 2. Nf3 e6 3. d4 cxd4 4. Nxd4 a6 5. Bd3 Qc7 6. O-O Nf6 7. Qe2 Be7 8. e5
Nd5 9. c4 Nb4 10. Re1 Nxd3 11. Qxd3 O-O 12. Nc3 d6 13. Bf4 Nd7 14. exd6 Bxd6
15. Ndb5 axb5 16. Bxd6 Qxc4 17. Qxc4 bxc4 18. Bxf8 Kxf8 19. Re4 Nb6 20. Rd1 Bd7
21. Red4 Ke7 22. f3 Bc6 23. Kf2 Nd5 24. Rxc4 Nxc3 25. Rxc3 Rxa2 26. Rd2 h5 27.
Ra3 Rxa3 28. bxa3 g6 29. Ke3 Bd5 30. Kd4 Kd6 31. f4 h4 32. Rb2 f6 33. Rb6+ Bc6
34. g3 hxg3 35. hxg3 e5+ 36. fxe5+ fxe5+ 37. Kc4 g5 38. a4 g4 39. a5 Kc7 40.
Kc5 Bf3 41. Re6 e4 42. Re7+ Kb8 43. Kb6 Kc8 44. Rxb7 Kd8 45. a6 e3 46. a7 Bxb7
47. Kxb7 e2 48. a8=Q+ 1-0

[Event "Hastings Masters"]
[Site "Horntye, Hastings"]
[Date "2017.12.31"]
[Round "4.31"]
[White "Dev, Shah"]
[Black "Rayner, Francis"]
[Result "1-0"]
[BlackElo "2071"]
[WhiteElo "1877"]
[LiveChessVersion "1.4.8"]

1. d4 Nf6 2. Bf4 g6 3. Nc3 d5 4. e3 Bg7 5. h4 a6 6. Bd3 c5 7. dxc5 Nbd7 8. Nf3
Nxc5 9. Be5 O-O 10. Qd2 Bg4 11. Nh2 Be6 12. Bd4 Rc8 13. O-O Re8 14. Rad1 Nxd3 15.
cxd3 Qd6 16. f4 Ng4 17. Bxg7 Kxg7 18. Nf3 Bd7 19. d4 f6 20. Rfe1 Bf5 21. Qe2 b5
22. a3 h5 23. Nd2 e5 24. dxe5 fxe5 25. Nf1 exf4 26. Nxd5 Rc2 27. Qf3 Be4 28. Nxf4
Qc6 29. Qg3 Rxb2 30. Nd2 Bf5 31. Nf3 Rc2 32. Nd4 Qe4 33. Nxc2 Qxc2 34. Nd5 Be4
35. Qc7+ Qxc7 36. Nxc7 Bf5 37. Nxe8+ 1-0

[Event "Hastings Masters"]
[Site "Horntye, Hastings"]
[Date "2017.12.31"]
[Round "4.32"]
[White "Lochte, Szilvia"]
[Black "Muir, Andrew J"]
[Result "0-1"]
[BlackElo "2297"]
[WhiteElo "1850"]
[LiveChessVersion "1.4.8"]

1. d4 {[%clk 1:40:57]} Nf6 {[%clk 1:40:50]} 2. Bf4 {[%clk 1:41:21]} c5
{[%clk 1:40:29]} 3. e3 {[%clk 1:40:23]} Nd5 {[%clk 1:40:00]} 4. Bg3
{[%clk 1:31:08]} Qb6 {[%clk 1:39:45]} 5. b3 {[%clk 1:28:51]} e6 {[%clk 1:17:55]}
6. a3 {[%clk 1:14:53]} Nc6 {[%clk 1:07:25]} 7. c4 {[%clk 1:02:19]} Nf6
{[%clk 0:59:31]} 8. dxc5 {[%clk 0:54:04]} Bxc5 {[%clk 0:58:20]} 9. Nc3
{[%clk 0:53:00]} d5 {[%clk 0:53:26]} 10. b4 {[%clk 0:44:43]} Nxb4
{[%clk 0:49:05]} 11. Nb5 {[%clk 0:30:04]} Na6 {[%clk 0:46:35]} 12. Nf3
{[%clk 0:29:05]} O-O {[%clk 0:40:09]} 13. Be2 {[%clk 0:27:43]} Qa5+
{[%clk 0:33:50]} 14. Qd2 {[%clk 0:27:33]} Bb4 0-1

[Event "Hastings Masters"]
[Site "Horntye, Hastings"]
[Date "2017.12.31"]
[Round "4.33"]
[White "Howell, Oliver W"]
[Black "Coote, Trevor D"]
[Result "1/2-1/2"]
[BlackElo "2104"]
[WhiteElo "1765"]
[LiveChessVersion "1.4.8"]

1. Nf3 {[%clk 1:40:56]} d5 {[%clk 1:36:25]} 2. c4 {[%clk 1:41:06]} e6
{[%clk 1:36:20]} 3. g3 {[%clk 1:41:26]} dxc4 {[%clk 1:36:46]} 4. Qa4+
{[%clk 1:40:19]} Nd7 {[%clk 1:37:08]} 5. Bg2 {[%clk 1:39:47]} a6 {[%clk 1:37:15]}
6. Qxc4 {[%clk 1:39:39]} b5 {[%clk 1:37:07]} 7. Qc2 {[%clk 1:38:38]} Bb7
{[%clk 1:37:31]} 8. O-O {[%clk 1:38:10]} c5 {[%clk 1:37:05]} 9. a4
{[%clk 1:31:39]} Ngf6 {[%clk 1:30:05]} 10. d3 {[%clk 1:28:16]} Be7
{[%clk 1:27:17]} 11. axb5 {[%clk 1:24:56]} axb5 {[%clk 1:27:29]} 12. Rxa8
{[%clk 1:25:12]} Qxa8 {[%clk 1:27:31]} 13. Na3 {[%clk 1:24:55]} Qa6
{[%clk 1:23:44]} 14. Qb3 {[%clk 1:17:47]} Bc6 {[%clk 1:17:34]} 15. Bf4
{[%clk 1:14:23]} O-O {[%clk 1:01:36]} 16. Ne5 {[%clk 1:08:49]} Nxe5
{[%clk 1:00:39]} 17. Bxe5 {[%clk 1:03:47]} Bxg2 {[%clk 0:56:39]} 18. Kxg2
{[%clk 1:00:59]} Ng4 {[%clk 0:56:06]} 19. Bf4 {[%clk 0:58:55]} e5
{[%clk 0:54:43]} 20. Bd2 {[%clk 0:55:09]} 1/2-1/2

[Event "Hastings Masters"]
[Site "Horntye, Hastings"]
[Date "2017.12.31"]
[Round "4.34"]
[White "Rice, Chris B"]
[Black "Flynn, David"]
[Result "1/2-1/2"]
[BlackElo "1876"]
[WhiteElo "1969"]
[LiveChessVersion "1.4.8"]

1. c4 c5 2. g3 g6 3. Bg2 Bg7 4. Nc3 Nc6 5. Nf3 e6 6. a3 Nge7 7. Rb1 d6 8. b4 cxb4
9. axb4 O-O 10. O-O b6 11. Qb3 Bb7 12. d3 Qd7 13. Bb2 Nd4 14. Nxd4 Bxd4 15. Bxb7
Qxb7 16. Ne4 Be5 17. Nf6+ Kg7 18. Ng4 Bxb2 19. Qxb2+ f6 20. Ra1 h5 21. Ne3 d5 22.
cxd5 Nxd5 23. Nxd5 Qxd5 24. Rfc1 a5 25. bxa5 bxa5 26. Rc7+ Rf7 27. Rac1 Ra7 28.
R7c5 Qd7 29. Ra1 a4 30. Rc4 Rf8 31. Qa3 Rfa8 32. h4 Kf7 33. Rac1 Rb8 34. Ra1
1/2-1/2

[Event "Hastings Masters"]
[Site "Horntye, Hastings"]
[Date "2017.12.31"]
[Round "4.35"]
[White "Metcalfe, Charlie P"]
[Black "Ramstad, Havard"]
[Result "1/2-1/2"]
[BlackElo "1965"]
[WhiteElo "1705"]
[LiveChessVersion "1.4.8"]

1. d4 {[%clk 1:40:58]} Nf6 {[%clk 1:40:14]} 2. Nf3 {[%clk 1:41:24]} e6
{[%clk 1:40:27]} 3. c4 {[%clk 1:41:51]} Bb4+ {[%clk 1:40:52]} 4. Bd2
{[%clk 1:42:16]} c5 {[%clk 1:40:31]} 5. Bxb4 {[%clk 1:42:43]} cxb4
{[%clk 1:40:53]} 6. g3 {[%clk 1:43:02]} Qc7 {[%clk 1:41:02]} 7. Qd3
{[%clk 1:32:46]} O-O {[%clk 1:41:06]} 8. Bg2 {[%clk 1:31:34]} d6 {[%clk 1:41:16]}
9. O-O Re8 10. a3 {[%clk 1:30:44]} e5 {[%clk 1:39:12]} 11. dxe5 {[%clk 1:26:32]}
dxe5 {[%clk 1:39:25]} 12. Nfd2 {[%clk 1:26:03]} Na6 {[%clk 1:35:47]} 13. axb4
{[%clk 1:18:29]} Nxb4 {[%clk 1:36:03]} 14. Qb3 Nc6 {[%clk 1:31:53]} 15. Nc3
{[%clk 1:16:42]} Nd4 {[%clk 1:27:55]} 16. Qa4 {[%clk 1:11:39]} Bd7
{[%clk 1:16:54]} 17. Qa5 {[%clk 1:11:39]} b6 {[%clk 1:16:54]} 18. Qa2
{[%clk 1:05:06]} Bc6 {[%clk 1:16:48]} 19. Bxc6 {[%clk 0:57:32]} Qxc6
{[%clk 1:15:28]} 20. e4 {[%clk 0:50:21]} Qd7 {[%clk 1:06:20]} 21. Kg2
{[%clk 0:49:26]} Re6 {[%clk 0:55:30]} 22. Qa4 {[%clk 0:46:22]} Qd8
{[%clk 0:52:12]} 23. Rad1 {[%clk 0:40:25]} Nd7 {[%clk 0:47:36]} 24. b4
{[%clk 0:37:03]} a5 25. Ra1 {[%clk 0:32:26]} Re8 {[%clk 0:45:56]} 26. Nd5
{[%clk 0:32:26]} axb4 {[%clk 0:33:17]} 27. Qxa8 {[%clk 0:32:47]} Qxa8
{[%clk 0:33:38]} 28. Rxa8 {[%clk 0:33:15]} Rxa8 {[%clk 0:33:58]} 29. Nxb4
{[%clk 0:33:28]} b5 {[%clk 0:32:31]} 1/2-1/2

[Event "Hastings Masters"]
[Site "Horntye, Hastings"]
[Date "2017.12.31"]
[Round "4.36"]
[White "Lalla, Karol"]
[Black "Larsen, Andreas"]
[Result "0-1"]
[BlackElo "1953"]
[WhiteElo "1600"]
[LiveChessVersion "1.4.8"]

1. Nf3 {[%clk 1:39:29]} d5 {[%clk 1:39:24]} 2. b3 {[%clk 1:39:53]} Nc6
{[%clk 1:34:20]} 3. Bb2 {[%clk 1:40:03]} Bg4 {[%clk 1:33:25]} 4. g3
{[%clk 1:39:01]} h5 {[%clk 1:32:07]} 5. Bg2 {[%clk 1:39:17]} Qd7 {[%clk 1:31:22]}
6. h3 {[%clk 1:39:37]} Bxf3 {[%clk 1:31:30]} 7. Bxf3 {[%clk 1:39:57]} e5
{[%clk 1:31:34]} 8. e3 {[%clk 1:40:20]} Nf6 {[%clk 1:31:51]} 9. d3
{[%clk 1:40:35]} Bb4+ {[%clk 1:29:40]} 10. Nd2 {[%clk 1:40:53]} Qf5
{[%clk 1:27:00]} 11. Qe2 {[%clk 1:32:59]} Bxd2+ {[%clk 1:22:23]} 12. Kxd2
{[%clk 1:33:19]} e4 {[%clk 1:22:48]} 13. dxe4 {[%clk 1:32:42]} dxe4
{[%clk 1:21:45]} 14. Bg2 {[%clk 1:32:50]} O-O-O+ {[%clk 1:20:56]} 15. Kc1
{[%clk 1:33:05]} Ne5 {[%clk 1:18:57]} 16. h4 {[%clk 1:32:40]} Nf3
{[%clk 1:18:25]} 17. Bh3 {[%clk 1:31:57]} Ng4 {[%clk 1:18:46]} 18. Bxg7
{[%clk 1:31:17]} Rd2 {[%clk 1:16:58]} 19. Qxd2 {[%clk 1:28:50]} Nxd2
{[%clk 1:17:20]} 20. Bxh8 {[%clk 1:28:34]} Qxf2 {[%clk 1:15:42]} 21. Kb2
{[%clk 1:26:42]} Qxe3 {[%clk 1:14:02]} 22. Rag1 {[%clk 1:25:36]} f5
{[%clk 1:11:33]} 23. Bxg4 {[%clk 1:25:28]} fxg4 {[%clk 1:11:44]} 24. Be5
{[%clk 1:25:33]} Nf3 {[%clk 1:11:53]} 25. Bf4 {[%clk 1:25:45]} Qd4+
{[%clk 1:12:08]} 26. c3 {[%clk 1:25:17]} Qf2+ {[%clk 1:12:30]} 0-1

[Event "Hastings Masters"]
[Site "Horntye, Hastings"]
[Date "2017.12.31"]
[Round "4.38"]
[White "Tserendorj, Batsaikhan"]
[Black "Warnke, Klaus"]
[Result "1-0"]
[BlackElo "1716"]
[WhiteElo "2066"]
[LiveChessVersion "1.4.8"]

1. e4 c5 {[%clk 1:40:53]} 2. Nf3 {[%clk 1:40:34]} e6 {[%clk 1:41:07]} 3. d4
{[%clk 1:40:58]} cxd4 {[%clk 1:41:30]} 4. Nxd4 {[%clk 1:41:25]} Nc6
{[%clk 1:41:40]} 5. Nc3 {[%clk 1:41:47]} Qc7 {[%clk 1:41:48]} 6. Be2
{[%clk 1:42:09]} a6 {[%clk 1:42:05]} 7. O-O {[%clk 1:42:31]} Be7 {[%clk 1:42:16]}
8. a4 {[%clk 1:42:35]} Nf6 {[%clk 1:42:31]} 9. Be3 {[%clk 1:42:57]} O-O
{[%clk 1:40:47]} 10. f4 {[%clk 1:43:14]} d6 {[%clk 1:40:29]} 11. Qe1
{[%clk 1:43:30]} e5 {[%clk 1:32:28]} 12. fxe5 {[%clk 1:43:25]} Nxe5
{[%clk 1:32:01]} 13. Qg3 {[%clk 1:43:17]} Be6 {[%clk 1:25:08]} 14. Nf5
{[%clk 1:43:23]} Bxf5 {[%clk 1:22:03]} 15. Rxf5 {[%clk 1:43:45]} Qd7
{[%clk 1:19:43]} 16. Raf1 {[%clk 1:43:14]} Qe6 {[%clk 1:17:24]} 17. Bd4
{[%clk 1:42:00]} Ng6 {[%clk 1:15:20]} 18. Bd3 {[%clk 1:41:24]} Nd7
{[%clk 1:11:53]} 19. Nd5 {[%clk 1:41:35]} Bh4 {[%clk 1:08:38]} 20. Qh3
{[%clk 1:41:01]} Rac8 {[%clk 1:07:18]} 21. Nf4 {[%clk 1:40:57]} Bf6
{[%clk 1:01:52]} 22. Nxe6 {[%clk 1:41:12]} 1-0

[Event "Hastings International"]
[Site "?"]
[Date "2017.12.31"]
[Round "4.39"]
[White "Pickersgill, Adrian O"]
[Black "Pagamdulam, Munkhdemberel"]
[Result "1-0"]
[BlackElo "1175"]
[WhiteElo "1991"]
[LiveChessVersion "1.4.8"]

1. e4 e5 2. Nf3 Nc6 3. Bc4 Nf6 4. Ng5 d5 5. exd5 Na5 6. Bb5+ c6 7. dxc6 bxc6 8.
Bd3 h6 9. Ne4 Nxe4 10. Bxe4 Bd6 11. d3 Bd7 12. O-O O-O 13. Bd2 f5 14. Bf3 Nb7 15.
Nc3 Qc7 16. g3 Rae8 17. Bg2 Qc8 18. a3 f4 19. Ne4 fxg3 20. fxg3 Bc5+ 21. Nxc5
Nxc5 22. Qe2 Qc7 23. Rxf8+ 1-0

[Event "Hastings Masters"]
[Site "Horntye, Hastings"]
[Date "2017.12.31"]
[Round "4.40"]
[White "Rahulan, Thivyaa"]
[Black "Kearsley, Raymond J"]
[Result "1-0"]
[WhiteElo "1825"]
[BlackElo "1720"]
[PlyCount "77"]
[EventDate "2017.12.28"]

1. e4 c5 2. c3 g6 3. d4 cxd4 4. cxd4 d5 5. e5 Bg7 6. Nc3 Nc6 7. Be3 Nh6 8. Qb3
e6 9. Nf3 O-O 10. Bd3 Nf5 11. Bxf5 gxf5 12. Qd1 f6 13. exf6 Qxf6 14. g3 b6 15.
O-O Ba6 16. Re1 Rac8 17. a3 Na5 18. Bg5 Qg6 19. Ne2 Rfe8 20. Nf4 Qf7 21. Rc1
Bc4 22. b4 Nb3 23. Rb1 Nxd4 24. Nxd4 e5 25. Nxd5 exd4 26. Ne7+ Kh8 27. Nxc8
Rxc8 28. Re7 Qg6 29. Bf4 d3 30. Be5 Bxe5 31. Rxe5 b5 32. Rc1 Qf6 33. Rxb5 Qe6
34. Rc5 Rxc5 35. bxc5 Qe4 36. Qe1 d2 37. Qxd2 Bd5 38. Qc3+ Kg8 39. f3 1-0

[Event "Hastings Masters"]
[Site "Horntye, Hastings"]
[Date "2017.12.31"]
[Round "4.41"]
[White "Verma, Shlok"]
[Black "Everett, Joe"]
[Result "0-1"]
[WhiteElo "1553"]
[BlackElo "1922"]
[PlyCount "94"]
[EventDate "2017.12.28"]

1. d4 Nf6 2. c4 e6 3. Nc3 Bb4 4. Nf3 b6 5. Bg5 h6 6. Bh4 Bb7 7. e3 O-O 8. Bd3
d6 9. O-O Bxc3 10. bxc3 Nbd7 11. Qe2 Qe8 12. Rfe1 Qe7 13. Rad1 e5 14. e4 Rfe8
15. d5 Nf8 16. Qb2 g5 17. Bg3 N6d7 18. Qd2 Ng6 19. h3 Qf6 20. Nh2 h5 21. Nf1
Kh8 22. Ne3 Nc5 23. Nf5 Nf4 24. Bxf4 gxf4 25. Kh2 Rg8 26. Rg1 Rg5 27. g4 hxg4
28. Rxg4 Rxg4 29. hxg4 Rg8 30. f3 Bc8 31. Kg2 Bxf5 32. exf5 Kg7 33. Rh1 Rh8 34.
Rxh8 Kxh8 35. Bc2 Qh4 36. Qf2 Qxf2+ 37. Kxf2 f6 38. Kg2 Kg7 39. Kh3 Kh6 40. Kg2
Kg5 41. Kh3 a6 42. Kg2 e4 43. fxe4 Kxg4 44. Bd1+ f3+ 45. Bxf3+ Kf4 46. Kf2
Nxe4+ 47. Bxe4 Kxe4 0-1